00506 2200193 4500001002100000005001500021035002000036007000300056008004100059020002200100082001200122084001800134100001700152245005400169250000600223260003600229300003200265650001500297INLIS00000000000200520260204095804 a0010-0226000015ta260204 g 0 ind  a978-602-218-274-3 a297.246 a297.246 IBN n0 aIbnu Muhidin1 aNabi Salih as :bProphet Salih as /cIbnu Muhidin a- aJakarta :bBintan Indonesia,c- a24 hlm :bilus ;c19 x 19,5 aKisah Nabi